Jurisprudencia definida de la Suprema Corte de Justicia. En sus fallos pronunciados del 1° de junio de 1917 al 30 de septiembre de 1948. Compilación formada por el director y el subdirector del semanario, Lic. Manuel Martínez Pastor y Lic. Jorge Iñarritu, con la colaboración de los abogados auxiliares, Lic. Alfredo Vázquez, Lic. Luis F. Alcocer y Lic. Guillermo Guzmán Orozco, quienes tienen el honor de dedicar este trabajo al Sr. Presidente de la Suprema Corte Licenciado Don Salvador Urbina

Detalles Bibliográficos
Formato: Libro
Lenguaje:Spanish
Publicado: México : Antigua Imprenta de Murguía, Av. 16 de septiembre 54, 1949.
Serie editorial:Apéndice al tomo XCVII del Semanario Judicial de la Federación (12626)
Materias:
Colección:Banco de datos
Acervo:Universidad Autónoma Benito Juárez de Oaxaca. Biblioteca Francisco de Burgoa. Colección histórica
Descripción Física:t. ; 22 cm.
Tema general:Derecho civil
Notas:Portada tipográfica con pleca. Falta portada (12627, 12628). Texto a renglón seguido con paginación en números arábigos y cornisas. Cada tomo con portada y numeración. Paginación: 464 p. (12626); 465-928 p. (12627). 481-944 p. (12628); 945-1456 p. (12629); 1457-1990 p., [1] h. (12630); el apéndice 480 p. (12631). Encuadernación en cartón con lomo y orillas en piel (12626-12631). Daños por polilla (12626, 12628, 12630)
LEADER 01842nam a22001810004500
035 |a 1643 
041 0 |a spa 
245 1 0 |a Jurisprudencia definida de la Suprema Corte de Justicia. En sus fallos pronunciados del 1° de junio de 1917 al 30 de septiembre de 1948. Compilación formada por el director y el subdirector del semanario, Lic. Manuel Martínez Pastor y Lic. Jorge Iñarritu, con la colaboración de los abogados auxiliares, Lic. Alfredo Vázquez, Lic. Luis F. Alcocer y Lic. Guillermo Guzmán Orozco, quienes tienen el honor de dedicar este trabajo al Sr. Presidente de la Suprema Corte Licenciado Don Salvador Urbina 
260 |a México : Antigua Imprenta de Murguía, Av. 16 de septiembre 54, 1949. 
300 |a  t. ; 22 cm. 
440 0 |a Apéndice al tomo XCVII del Semanario Judicial de la Federación (12626) 
500 |a Portada tipográfica con pleca. Falta portada (12627, 12628). Texto a renglón seguido con paginación en números arábigos y cornisas. Cada tomo con portada y numeración. Paginación: 464 p. (12626); 465-928 p. (12627). 481-944 p. (12628); 945-1456 p. (12629); 1457-1990 p., [1] h. (12630); el apéndice 480 p. (12631). Encuadernación en cartón con lomo y orillas en piel (12626-12631). Daños por polilla (12626, 12628, 12630) 
505 0 0 |a Apéndice al tomo XCVII del Semanario Judicial de la Federación. Jurisprudencia deifinida de la Suprema Corte en sus ejecutorias pronunciadas del 1° de junio de 1917 al 30 de septiembre de 1948 (12629) 
650 1 0 |a Derecho civil 
852 |a Universidad Autónoma "Benito Juárez" de Oaxaca, Biblioteca Francisco de Burgoa, Colección histórica 12626, 12627, 12628, 12629, 12630, el apéndice (12631) 
942 |c BURHIS 
943 |g Universidad Autónoma Benito Juárez de Oaxaca. Biblioteca Francisco de Burgoa. Colección histórica 
999 |c 1120145  |d 1120145